| 000 | 00396nam a2200157Ia 4500 | ||
|---|---|---|---|
| 005 | 20241001140415.0 | ||
| 008 | 240806s9999||||xx |||||||||||||| ||eng|| | ||
| 041 | _aeng | ||
| 082 |
_a891.4309 _bSINH |
||
| 100 | _aSingh, Bachchan | ||
| 245 | 0 |
_aHindi sahitya ka dusra itihas / _cSingh, Bachchan |
|
| 260 | _bRadhakrishan Prakashan, New Delhi | ||
| 300 | _a535p. | ||
| 650 | _aHindi | ||
| 942 | _cBK | ||
| 999 |
_c5111 _d5111 |
||